Becoming modern : (Record no. 20860)
[ view plain ]
| 000 -LEADER | |
|---|---|
| fixed length control field | 01141cam a2200325 i 4500 |
| 001 - CONTROL NUMBER | |
| control field | 1253831 |
| 003 - CONTROL NUMBER IDENTIFIER | |
| control field | BDDh-ASL |
| 005 - DATE AND TIME OF LATEST TRANSACTION | |
| control field | 20231015025938.0 |
| 008 - FIXED-LENGTH DATA ELEMENTS--GENERAL INFORMATION | |
| fixed length control field | 741120s1974 mau bs 001 0 eng |
| 010 ## - LIBRARY OF CONGRESS CONTROL NUMBER | |
| LC control number | 73092534 |
| 020 ## - INTERNATIONAL STANDARD BOOK NUMBER | |
| International Standard Book Number | 0674063759 |
| 040 ## - CATALOGING SOURCE | |
| Original cataloging agency | DLC |
| Transcribing agency | DLC |
| Modifying agency | DLC |
| -- | OCoLC |
| -- | BDDh-ASL |
| 050 00 - LIBRARY OF CONGRESS CALL NUMBER | |
| Classification number | HN980 |
| Item number | .I54 |
| 082 00 - DEWEY DECIMAL CLASSIFICATION NUMBER | |
| Classification number | 301.247 |
| Item number | INB |
| 100 1# - MAIN ENTRY--PERSONAL NAME | |
| Personal name | Inkeles, Alex, |
| Dates associated with a name | 1920- |
| 245 10 - TITLE STATEMENT | |
| Title | Becoming modern : |
| Remainder of title | individual change in six developing countries / |
| Statement of responsibility, etc. | Alex Inkeles and David H. Smith. |
| 260 ## - PUBLICATION, DISTRIBUTION, ETC. | |
| Place of publication, distribution, etc. | Cambridge, Mass. : |
| Name of publisher, distributor, etc. | Harvard University Press, |
| Date of publication, distribution, etc. | 1974. |
| 300 ## - PHYSICAL DESCRIPTION | |
| Extent | xi, 437 p. ; |
| Dimensions | 25 cm. |
| 500 ## - GENERAL NOTE | |
| General note | "Written under the auspices of the Center for International Affairs, Harvard University." |
| 500 ## - GENERAL NOTE | |
| General note | Includes index. |
| 504 ## - BIBLIOGRAPHY, ETC. NOTE | |
| Bibliography, etc. note | Bibliography: p. [359]-363. |
| 650 #0 - SUBJECT ADDED ENTRY--TOPICAL TERM | |
| Topical term or geographic name entry element | Civilization, Modern |
| Chronological subdivision | 1950- |
| 650 #0 - SUBJECT ADDED ENTRY--TOPICAL TERM | |
| Topical term or geographic name entry element | Sociology |
| General subdivision | Methodology. |
| 650 #0 - SUBJECT ADDED ENTRY--TOPICAL TERM | |
| Topical term or geographic name entry element | Social surveys. |
| 651 #0 - SUBJECT ADDED ENTRY--GEOGRAPHIC NAME | |
| Geographic name | Developing countries |
| General subdivision | Social conditions. |
| 651 #0 - SUBJECT ADDED ENTRY--GEOGRAPHIC NAME | |
| Geographic name | Social surveys |
| Geographic subdivision | Developing countries. |
| 700 1# - ADDED ENTRY--PERSONAL NAME | |
| Personal name | Smith, David Horton, |
| Relator term | joint author. |
| 906 ## - LOCAL DATA ELEMENT F, LDF (RLIN) | |
| a | 7 |
| b | cbc |
| c | orignew |
| d | 2 |
| e | opcn |
| f | 19 |
| g | y-gencatlg |
| 942 ## - ADDED ENTRY ELEMENTS (KOHA) | |
| Source of classification or shelving scheme | Dewey Decimal Classification |
| Koha item type | Books |
| Withdrawn status | Lost status | Source of classification or shelving scheme | Damaged status | Not for loan | Collection code | Home library | Current library | Shelving location | Date acquired | Source of acquisition | Total Checkouts | Full call number | Barcode | Date last seen | Copy number | Price effective from | Koha item type |
|---|---|---|---|---|---|---|---|---|---|---|---|---|---|---|---|---|---|
| Dewey Decimal Classification | Non-fiction | Asiatic Society Library | Asiatic Society Library | General Stacks | 01/14/2021 | ASB Collection | 301.247 INB | 104366 | 01/14/2021 | C-1 | 01/14/2021 | Books |